00552 2200193 4500001002100000005001500021035002000036007000300056008004100059020002200100082000800122084001400130100002200144245010000166260004400266300001600310650001700326856001500343INLIS00000000000818820260409030440 a0010-0426000008ta260409 0 eng  a978-602-17017-7-5 a300 a300 ADR p0 aAdrian Rogers,dkk1 aProceding The Third Internatinal Seminar on English Languange and Teaching /cAdrian Rogers,dkk aPadang :bEnglish Department UNP,c2015 a548 ;c30cm 4aPEMBELAJARAN aMATEMATIKA